00745 a2200205 450000500170000001000140001702000220003103500130005303700150006608200110008110000260009224500650011826000460018327000460022930000270027550000500030294200450035299900150039795201270041220080826171855.0 aENG-87239 a8176209065c45000 aEN-70772 bDBAD / PUB a363.34 aMurthy, D.B.N.931588 aDisaster managementcby D.B.N. Murthybtext and case studies aNew DelhibDeep & Deep Publicationsc2007 aF-159, Rajouri GardenbNew Delhie110 027 axi, 162p.c24cm (Hb ) aIncludes bibliographical references and index adplcENk363.34 / MUR2ddch363.34 mMUR c6267d6267 00104070aDBADbDBADd2008-08-26g450.00l0o363.34 MURpEN-70772r2008-09-15 00:00:00t1u6744v450.00w2008-09-15yEN